00512nam a2200169Ia 450000500170000000800410001702000290005804000190008704100120010608200150011810000190013324500950015226000510024730000130029865000210031185000100033220240404095857.0140110s9999 xx 000 0 und d a9788131303948cRs.395.00 aLoreto College aEnglish a420.7bTAR aTarafder, S.K. aTeaching of Englishb Standard book of idioms, homonyms and abbreviations cS. K. Tarafder aNew DelhibA.P.H. Publishing Corporationc2008 av,183p.  aEnglish-Teaching aLCBED